000 00384nam a2200145Ia 4500
008 220216s9999 xx 000 0 und d
100 _aPushpa P Goonetilleke S A
245 0 _aSolubility of antioxidants in rubber
260 _bRubber Chemistry and Technology
_c1996
300 _a885-896
650 _aAntioxidants
650 _aRubber
700 _aBillingham N C
942 _cJS
999 _c68887
_d68887